| 000 | 00766pam a2200241 a 4500 | ||
|---|---|---|---|
| 001 | 1636547 | ||
| 005 | 20171218100247.0 | ||
| 008 | 960813s1997 alua b 000 0 eng | ||
| 010 | _a 96041344 | ||
| 020 | _a1881320790 (pbk.) | ||
| 040 |
_aDLC _cDLC _dDLC |
||
| 041 | _aeng | ||
| 043 | _an-us--- | ||
| 080 | _a649..15796073 EMM | ||
| 082 | 0 | 0 |
_a649..15796073 EMM _220 |
| 100 | 1 | _a20 | |
| 101 | _aPOL | ||
| 245 | 1 | 4 |
_aThe joy and challenge of raising African American children / _cby Emma McElvaney Talbott. |
| 504 | _aIncludes bibliographical references (p. 184-185). | ||
| 906 |
_a7 _bcbc _corignew _d1 _eocip _f19 _gy-gencatlg |
||
| 942 |
_2ddc _cBK |
||
| 999 |
_c39127 _d39127 |
||